| 000 | 00361nam a2200133Ia 4500 | ||
|---|---|---|---|
| 008 | 240624s9999 xx 000 0 und d | ||
| 041 | _aeng | ||
| 082 | _a920 PAR | ||
| 100 | _aPARANJAPE MAKARAND R | ||
| 245 | _aDEATH AND AFTERLIFE OF MAHATMA GANDHI | ||
| 260 |
_c2015 _aNew Delhi _bRandom House India |
||
| 300 | _axiv, : 331 : p. : cm. ; 22 | ||
| 365 |
_cRS _b30 |
||
| 999 |
_c26604 _d26604 |
||